| 000 | 00656nam a2200253Ia 4500 | ||
|---|---|---|---|
| 003 | OSt | ||
| 005 | 20221006142922.0 | ||
| 006 | a|||||r|||| 00| 0 | ||
| 007 | ta | ||
| 008 | 221006b |||||||| |||| 00| 0 eng d | ||
| 020 |
_a0861875451 _c364.45 |
||
| 024 | _a7,538 | ||
| 037 | _cTextual | ||
| 040 |
_aEASL _cEASL _beng |
||
| 041 |
_2eng _aeng |
||
| 082 | _aV42:594.N85, M6 | ||
| 100 |
_aMcINTOSH Malcolm _9648735 |
||
| 245 | 0 | _aJapan re-armed | |
| 260 |
_aLondon _bFrances Publishers _c1980 |
||
| 300 |
_a169p. _ccm. |
||
| 490 | _v JEL | ||
| 942 |
_hV42:594.N85, M6 _cTEXL _2CC |
||
| 999 |
_c1075624 _d1075624 |
||